[Event "Polofinale MCR junioru 2024"]
[Site "Hotel Fit Fun, Ryžovište 427, 512 46 Harrachov v Krkonoších"]
[Date "2024.11.11"]
[Round "3"]
[Board "12"]
[White "Šetina, Václav"]
[Black "Pokorný, Jirí"]
[Result "1-0"]
[WhiteElo "2128"]
[BlackElo "1813"]
[PlyCount "0"]
[EventDate "2024.11.09"]
[EventRounds "9"]
[EventCountry "CZE"]

1. d4 d5 2. Nf3 Nf6 3. c4 e6 4. Nc3 c5 5. cxd5 Nxd5 6. Nxd5 Qxd5 7. Qc2 Nc6 8. dxc5
Bxc5 9. e4 Nb4 10. Qb1 Qc6 11. a3 Na6 12. b4 Bd4 13. Nxd4 Qc3+ 14. Bd2 Qxd4 15. Bb5+
Bd7 16. Bxd7+ Qxd7 17. Qb2 Qd3 18. Qxg7 Qxe4+ 19. Be3 O-O-O 20. O-O Rhg8 21. Qc3+
Kb8 22. g3 Nc7 23. Bxa7+ Kxa7 24. Qxc7 f5 25. Rae1 Qd5 26. Re5 Qd6 27. Ra5+  1-0

[Event "Polofinale MCR junioru 2024"]
[Site "Hotel Fit Fun, Ryžovište 427, 512 46 Harrachov v Krkonoších"]
[Date "2024.11.11"]
[Round "3"]
[Board "13"]
[White "Švadlenka, Dominik"]
[Black "Pressler, Tobias"]
[Result "1-0"]
[WhiteElo "1893"]
[BlackElo "2057"]
[PlyCount "0"]
[EventDate "2024.11.09"]
[EventRounds "9"]
[EventCountry "CZE"]

1. d4 Nf6 2. c4 e6 3. Nc3 Bb4 4. Qc2 c5 5. dxc5 Na6 6. a3 Bxc3+ 7. Qxc3 Nxc5 8. Nf3
Nce4 9. Qc2 d5 10. cxd5 exd5 11. e3 O-O 12. Bd3 Bg4 13. O-O Rc8 14. Qd1 Ng5 15. Be2
Nxf3+ 16. Bxf3 Bxf3 17. Qxf3 Qb6 18. Qf5 Qb3 19. Bd2 Qxb2 20. Bb4 Rfe8 21. Rab1 Qe2
22. Be7 Ne4 23. Rxb7 Nd2 24. Ra1 Qc4 25. h4 g6 26. Qd7 Qc6 27. Rxa7 Qxd7 28. Rxd7
Ne4 29. Bb4 Rc2 30. Be1 Nf6 31. Rd6 Kg7 32. a4 Rec8 33. Rb6 Ne4 34. a5 Rc1 35. Rbb1
R1c7 36. Rb2 Nc5 37. Bc3+ f6 38. Bd4 Na6 39. Rb6 Rc6 40. Rab1 Kf7 41. Rxc6 Rxc6 42.
Rb7+ Ke6 43. Rxh7 Rc2 44. Rb7  1-0

[Event "Polofinale MCR junioru 2024"]
[Site "Hotel Fit Fun, Ryžovište 427, 512 46 Harrachov v Krkonoších"]
[Date "2024.11.11"]
[Round "3"]
[Board "14"]
[White "Garabik, Marek"]
[Black "Mametev, Artem"]
[Result "0-1"]
[WhiteElo "1939"]
[BlackElo "2213"]
[PlyCount "0"]
[EventDate "2024.11.09"]
[EventRounds "9"]
[EventCountry "CZE"]

1. e4 Nf6 2. e5 Nd5 3. d4 d6 4. exd6 cxd6 5. Nf3 g6 6. Be2 Bg7 7. O-O O-O 8. b3 Nc6
9. c4 Nc7 10. Bb2 Bg4 11. Qd2 d5 12. h3 Bxf3 13. Bxf3 dxc4 14. Bxc6 bxc6 15. bxc4
Rb8 16. Bc3 Qd7 17. Na3 e5 18. Rad1 exd4 19. Bxd4 Rfd8 20. Bxa7 Qxd2 21. Rxd2 Rxd2
22. Bxb8 Na6 23. Bf4 Rxa2 24. Nb1 Nc5 25. Rd1 Ne6 26. Be3 f5 27. Kf1 f4 28. Bd2 Bd4
29. Ke2 Kf7 30. Kf3 Kf6 31. Nc3 Ra3 32. Rc1 Nc5 33. Ke2 Kf5 34. Rc2 Ra1 35. Nd1 Ne4
36. Be1 Ra4 37. g3 Ra3 38. gxf4 Kxf4 39. Ne3 Bxe3 40. fxe3+ Rxe3+ 41. Kf1 Rxh3 42.
Kg2 Rd3 43. Ba5 h5 44. Bc7+ Kg4 45. Kh1 Rd1+ 46. Kh2 Rd2+ 47. Rxd2 Nxd2  0-1

[Event "Polofinale MCR junioru 2024"]
[Site "Hotel Fit Fun, Ryžovište 427, 512 46 Harrachov v Krkonoších"]
[Date "2024.11.11"]
[Round "3"]
[Board "15"]
[White "Mrkvan, František"]
[Black "Václavík, Jan"]
[Result "0-1"]
[WhiteElo "1932"]
[BlackElo "2139"]
[PlyCount "0"]
[EventDate "2024.11.09"]
[EventRounds "9"]
[EventCountry "CZE"]

1. e4 c5 2. Nf3 Nc6 3. d4 cxd4 4. Nxd4 Nf6 5. Nc3 g6 6. Be3 Bg7 7. f3 O-O 8. Qd2
d5 9. exd5 Nxd5 10. Nxc6 bxc6 11. Nxd5 cxd5 12. c3 Qc7 13. Rc1 Rb8 14. Bd3 e5 15.
O-O Be6 16. Rb1 Rfd8 17. f4 d4 18. cxd4 exd4 19. Bf2 Bxa2 20. Ra1 Bd5 21. f5 Be5
22. h3 Rb6 23. fxg6 hxg6 24. Qg5 Bf6 25. Qg4 Be6 26. Qf3 Be5 27. Rfc1 Qb8 28. Rc2
Rb3 29. Qe2 Rxd3 30. Qxd3 Bf5 31. Qe2 d3 32. Bxa7 dxe2 33. Bxb8 Rd1+  0-1

[Event "Polofinale MCR junioru 2024"]
[Site "Hotel Fit Fun, Ryžovište 427, 512 46 Harrachov v Krkonoších"]
[Date "2024.11.11"]
[Round "3"]
[Board "16"]
[White "Beneš, Jáchym"]
[Black "Kubiczek, Michal"]
[Result "1-0"]
[WhiteElo "1916"]
[BlackElo "2093"]
[PlyCount "0"]
[EventDate "2024.11.09"]
[EventRounds "9"]
[EventCountry "CZE"]

1. d4 Nf6 2. c4 e6 3. Nf3 b6 4. g3 Bb7 5. Bg2 Bb4+ 6. Bd2 Bxd2+ 7. Qxd2 O-O 8. Nc3
Ne4 9. Nxe4 Bxe4 10. O-O d6 11. d5 Qe7 12. Qe3 Bxf3 13. exf3 e5 14. f4 Nd7 15. Rfe1
Rae8 16. b4 f5 17. Qa3 a5 18. bxa5 Ra8 19. fxe5 Rxa5 20. Qb4 Nc5 21. exd6 Qxd6 22.
Re2 Qf6 23. Rd1 f4 24. Red2 f3 25. Bh3 Ne4 26. Rd4 Ng5 27. Bg4 Qg6 28. h4 Nf7 29.
Qe7 Qd6 30. Re1 c5 31. Rf4 Qxe7 32. Rxe7 Nd8 33. d6 Ra8 34. Bxf3 Rxf4 35. gxf4 Rb8
36. Bd5+ Kf8 37. a4 h6 38. h5  1-0

[Event "Polofinale MCR junioru 2024"]
[Site "Hotel Fit Fun, Ryžovište 427, 512 46 Harrachov v Krkonoších"]
[Date "2024.11.11"]
[Round "3"]
[Board "17"]
[White "Buchta, Bartolomej"]
[Black "Hozda, Max"]
[Result "1/2-1/2"]
[WhiteElo "1906"]
[BlackElo "2080"]
[PlyCount "0"]
[EventDate "2024.11.09"]
[EventRounds "9"]
[EventCountry "CZE"]

1. e4 c6 2. d4 d5 3. Nc3 dxe4 4. Nxe4 Nd7 5. Ng5 Ngf6 6. Bd3 e6 7. N1f3 Bd6 8. Qe2
h6 9. Ne4 Nxe4 10. Qxe4 c5 11. Qg4 Kf8 12. O-O e5 13. dxe5 Nxe5 14. Qe4 Nxf3+ 15.
Qxf3 Qc7 16. Qh5 Bd7 17. Bc4 Bc6 18. Rd1 Re8 19. Be3 Rxe3 20. Rxd6 Be8 21. Rd5 g6
22. Rxc5 Qb6 23. Qd5 Qxb2 24. Rd1 Re7 25. Rc8 Kg7 26. Rd8 Bc6 27. Qd6 Qe5 28. Qxe5+
Rxe5 29. Rxh8 Kxh8 30. Bxf7 Kg7 31. Bc4 Re4 32. Bb3 Rg4 33. f3 Bxf3 34. Rd7+ Kh8
35. Rd8+  1/2-1/2

[Event "Polofinale MCR junioru 2024"]
[Site "Hotel Fit Fun, Ryžovište 427, 512 46 Harrachov v Krkonoších"]
[Date "2024.11.11"]
[Round "3"]
[Board "18"]
[White "Slabý, Matej"]
[Black "Nagyová, Daniela"]
[Result "0-1"]
[WhiteElo "2071"]
[BlackElo "1903"]
[PlyCount "0"]
[EventDate "2024.11.09"]
[EventRounds "9"]
[EventCountry "CZE"]

1. e4 e5 2. Bc4 Nc6 3. Nf3 Nf6 4. d3 Be7 5. c3 O-O 6. Bb3 d5 7. Nbd2 Bg4 8. h3 Be6
9. Ba4 Qd6 10. O-O Rad8 11. Qe2 Nd7 12. Rd1 f5 13. Bb3 Nc5 14. Bc2 a5 15. exd5 Bxd5
16. d4 exd4 17. cxd4 Ne6 18. Nc4 Bxf3 19. Qxf3 Nexd4 20. Qh5 Qc5 21. Bd3 Nb4 22.
Bf1 g6 23. Qh6 Nf3+ 24. gxf3 Rxd1 25. b3 Bf6 26. Rb1 Bd4 27. Kg2 Bg7 28. Qg5 Rfd8
29. Bd2 Rxb1 30. Qxd8+ Bf8 31. Bc3 Nd5 32. Bd2 Qd4 33. Qe8 Qf6 34. Bd3 Rd1 35. h4
Rxd2 36. Nxd2 Nf4+  0-1

[Event "Polofinale MCR junioru 2024"]
[Site "Hotel Fit Fun, Ryžovište 427, 512 46 Harrachov v Krkonoších"]
[Date "2024.11.11"]
[Round "3"]
[Board "19"]
[White "Jakubše, Tamae Severína"]
[Black "Síleš, Jan"]
[Result "0-1"]
[WhiteElo "1895"]
[BlackElo "2062"]
[PlyCount "0"]
[EventDate "2024.11.09"]
[EventRounds "9"]
[EventCountry "CZE"]

1. e4 d6 2. d4 g6 3. Nf3 Bg7 4. Nc3 Nf6 5. Be2 O-O 6. h3 Nbd7 7. O-O c5 8. e5 Ne8
9. dxc5 dxe5 10. Bc4 Qa5 11. Be3 Qb4 12. Qe2 Qxb2 13. Nd5 e6 14. Ne7+ Kh8 15. c6
bxc6 16. Rab1 Qa3 17. Nxc6 Nd6 18. Rb3 Qa4 19. Bb5 Nxb5 20. Qxb5 Qxb5 21. Rxb5 Ba6
22. Rfb1 Bxb5 23. Rxb5 Rac8 24. Nxa7 Rc7 25. Ra5 Ra8 26. Nd2 f5 27. f3 e4 28. Nb5
Rxa5 29. Nxc7 exf3 30. Nxf3 e5 31. Bg5 e4 32. Nd2 Rxa2 33. c4 Bd4+ 34. Kf1 e3 35.
Nf3 Rf2+  0-1

[Event "Polofinale MCR junioru 2024"]
[Site "Hotel Fit Fun, Ryžovište 427, 512 46 Harrachov v Krkonoších"]
[Date "2024.11.11"]
[Round "3"]
[Board "20"]
[White "Pecka, Jan"]
[Black "Šigut, Ondrej"]
[Result "1-0"]
[WhiteElo "2059"]
[BlackElo "1893"]
[PlyCount "0"]
[EventDate "2024.11.09"]
[EventRounds "9"]
[EventCountry "CZE"]

1. c4 Nf6 2. Nc3 d5 3. cxd5 Nxd5 4. Nf3 g6 5. g3 Bg7 6. Bg2 O-O 7. O-O c5 8. Nxd5
Qxd5 9. d3 Nc6 10. Be3 Qd6 11. Nd2 b6 12. Nc4 Qd7 13. a4 Bb7 14. Qb3 Nb4 15. Bxb7
Qxb7 16. a5 Qd5 17. axb6 axb6 18. Ra3 b5 19. Nd2 Qxb3 20. Rxb3 Rfc8 21. Rc1 Rab8
22. Rxc5 Rxc5 23. Bxc5 Nc6 24. e3 Kf8 25. d4 Ke8 26. Ra3 Rb7 27. Ne4 f5 28. Ng5 h6
29. Ne6 Bf6 30. d5 Nb8 31. b3 Kd7 32. f4 g5 33. Ra8 gxf4 34. gxf4 Kc8 35. Ba7 b4
36. Nc5 Rb5 37. d6 exd6 38. Bxb8 Rxb8 39. Rxb8+ Kxb8 40. Nd7+  1-0

[Event "Polofinale MCR junioru 2024"]
[Site "Hotel Fit Fun, Ryžovište 427, 512 46 Harrachov v Krkonoších"]
[Date "2024.11.11"]
[Round "3"]
[Board "21"]
[White "Cerný, Michal"]
[Black "Peroutka, Šimon"]
[Result "1-0"]
[WhiteElo "2052"]
[BlackElo "1892"]
[PlyCount "0"]
[EventDate "2024.11.09"]
[EventRounds "9"]
[EventCountry "CZE"]

1. e4 e5 2. Nf3 Nc6 3. Bb5 d6 4. O-O Bd7 5. Re1 Nf6 6. c3 Be7 7. d4 exd4 8. cxd4
O-O 9. Nc3 Bg4 10. Be3 d5 11. e5 Ne4 12. Be2 Bb4 13. Qc2 Bxc3 14. bxc3 f6 15. c4
Be6 16. exf6 Qxf6 17. Rab1 Rab8 18. Bd3 Nd6 19. Bg5 Qf7 20. Bxh7+ Kh8 21. Bg6 Qd7
22. c5 Nf5 23. Qe2 Bf7 24. Ne5 Nxe5 25. Qh5+ Nh6 26. Rxe5 Bxg6 27. Qxg6 Ng4 28. Re7
 1-0

[Event "Polofinale MCR junioru 2024"]
[Site "Hotel Fit Fun, Ryžovište 427, 512 46 Harrachov v Krkonoších"]
[Date "2024.11.11"]
[Round "3"]
[Board "22"]
[White "Cervený, Vojtech"]
[Black "Davídek, Zdenek"]
[Result "0-1"]
[WhiteElo "1889"]
[BlackElo "2048"]
[PlyCount "0"]
[EventDate "2024.11.09"]
[EventRounds "9"]
[EventCountry "CZE"]

1. e4 c5 2. Nf3 d6 3. d4 cxd4 4. Nxd4 Nf6 5. Nc3 a6 6. Be3 e5 7. Nb3 Be7 8. f3 Be6
9. Qd2 h5 10. O-O-O Nbd7 11. Nd5 Nxd5 12. exd5 Bf5 13. Kb1 Rc8 14. Bd3 Bxd3 15. Qxd3
Bg5 16. Rhf1 O-O 17. g4 Bxe3 18. Qxe3 Qh4 19. Rg1 Qxh2 20. Rd2 Qf4 21. Qxf4 exf4
22. gxh5 Nf6 23. Nd4 Nxh5 24. Nf5 Rc7 25. Rg5 g6 26. Nxd6 Ng3 27. Rg4 Re7 28. b3
Rd8 29. Nc4 Kg7 30. Rxf4 Ne2 31. Rh4 Rxd5 32. Rxd5 Nc3+ 33. Kb2 Nxd5 34. Rd4 Nc7
35. Nd6 Ne6 36. Rb4 Nd8 37. Rg4 Rd7 38. Nc4 Nc6 39. a4 Rd5 40. Re4 Rd8 41. Kc3 Kf8
42. Ne5 Ne7 43. Nc4 g5 44. Re5 f6 45. Re6 Kf7 46. Rd6 Rc8 47. Kd3 b5 48. Nb2 Nc6
49. axb5 axb5 50. c4 Ke7 51. c5 Ne5+ 52. Ke4 Rxc5 53. Rb6 Nd7 54. Rb7 Re5+ 55. Kd4
Kd6 56. Nd3 Rd5+ 57. Ke4 f5+  0-1

[Event "Polofinale MCR junioru 2024"]
[Site "Hotel Fit Fun, Ryžovište 427, 512 46 Harrachov v Krkonoších"]
[Date "2024.11.11"]
[Round "3"]
[Board "23"]
[White "Svacina, Tobiáš"]
[Black "Pejrimovský, Tadeáš Rubel"]
[Result "1-0"]
[WhiteElo "2030"]
[BlackElo "1867"]
[PlyCount "0"]
[EventDate "2024.11.09"]
[EventRounds "9"]
[EventCountry "CZE"]

1. c4 e5 2. Nc3 Nf6 3. Nf3 Nc6 4. e4 h6 5. a3 d6 6. d4 Bg4 7. d5 Nd4 8. Be2 Nxe2
9. Qxe2 Be7 10. h3 Bd7 11. b4 a5 12. Ra2 O-O 13. b5 c6 14. dxc6 bxc6 15. O-O Rc8
16. Bd2 Be6 17. bxc6 Rxc6 18. Nd5 Re8 19. Rb1 Qc8 20. Rab2 Nd7 21. Bxa5 Rxc4 22.
Nxe7+ Rxe7 23. Bb4 Qc6 24. Rd2 Nc5 25. Bxc5 Qxc5 26. Rb8+ Kh7 27. Ng5+ Kg6 28. Nxe6
fxe6 29. Rh8 Rf7 30. Qg4+ Kf6 31. Re8 Rc1+ 32. Kh2 g5 33. Rxe6+ Kg7 34. Qh5 Rxf2
35. Qg6+ Kf8 36. Re8#  1-0

[Event "Polofinale MCR junioru 2024"]
[Site "Hotel Fit Fun, Ryžovište 427, 512 46 Harrachov v Krkonoších"]
[Date "2024.11.11"]
[Round "3"]
[Board "24"]
[White "Martinkovic, Adam"]
[Black "Verner, Matej"]
[Result "1-0"]
[WhiteElo "1859"]
[BlackElo "2021"]
[PlyCount "0"]
[EventDate "2024.11.09"]
[EventRounds "9"]
[EventCountry "CZE"]

1. d4 d5 2. Nf3 c5 3. c4 e6 4. cxd5 exd5 5. g3 Nf6 6. Bg2 Nc6 7. O-O Be7 8. dxc5
Bxc5 9. a3 Ne4 10. Nfd2 f5 11. Nc3 Be6 12. Nb3 Bb6 13. Na4 d4 14. Nd2 Bd5 15. b4
Nc3 16. Nxc3 dxc3 17. Bxd5 Qxd5 18. Nf3 Qc4 19. Qc2 O-O 20. Bf4 Nd4 21. Nxd4 Bxd4
22. Rad1 Rfd8 23. Rd3 a5 24. Rb1 a4 25. Rbd1 h6 26. h4 b5 27. Kh2 Rac8 28. Be3 Qb3
29. Qc1 Bf6 30. Rxd8+ Bxd8 31. Rd3 Bf6 32. Bf4 c2 33. Rxb3 axb3 34. Qe3 c1=Q 35.
Qe6+ Kh8 36. Bxc1 Rxc1 37. Qxb3 Rc3 38. Qd5 Rxa3 39. Qxb5 Rb3 40. Qc5 Rb2 41. Qc8+
Kh7 42. Qxf5+ Kg8 43. Qe4  1-0

[Event "Polofinale MCR junioru 2024"]
[Site "Hotel Fit Fun, Ryžovište 427, 512 46 Harrachov v Krkonoších"]
[Date "2024.11.11"]
[Round "3"]
[Board "25"]
[White "Husa, Daniel"]
[Black "Bubela, Alexander Georg"]
[Result "1/2-1/2"]
[WhiteElo "2011"]
[BlackElo "1738"]
[PlyCount "0"]
[EventDate "2024.11.09"]
[EventRounds "9"]
[EventCountry "CZE"]

1. d4 e6 2. Nf3 Nf6 3. g3 d5 4. Bg2 Be7 5. O-O O-O 6. c4 dxc4 7. Qc2 a6 8. a4 Bd7
9. Ne5 Nc6 10. Qxc4 Nxe5 11. dxe5 Nd5 12. Rd1 Bc6 13. Qb3 Qb8 14. Bd2 Bc5 15. Qc2
Qa7 16. e3 Rfd8 17. Na3 Bxa3 18. Rxa3 Ne7 19. Bb4 Rxd1+ 20. Qxd1 Nd5 21. Qd2 a5 22.
Bc3 Qc5 23. Bd4 Qb4 24. Bc3 Nxc3 25. Qxc3 Bxg2 26. Kxg2 Qxc3 27. Rxc3 Rc8 28. Kf3
Kf8 29. Ke4 Ke7 30. f4 c6 31. g4 Rd8 32. Rd3 Rxd3 33. Kxd3 b6  1/2-1/2

[Event "Polofinale MCR junioru 2024"]
[Site "Hotel Fit Fun, Ryžovište 427, 512 46 Harrachov v Krkonoších"]
[Date "2024.11.11"]
[Round "3"]
[Board "26"]
[White "Mrázek, Roman"]
[Black "Maršík, Ondrej"]
[Result "1/2-1/2"]
[WhiteElo "1961"]
[BlackElo "1728"]
[PlyCount "0"]
[EventDate "2024.11.09"]
[EventRounds "9"]
[EventCountry "CZE"]

1. e4 d6 2. d4 Nf6 3. Nc3 g6 4. f4 Bg7 5. Nf3 c5 6. dxc5 Qa5 7. Bd3 Qxc5 8. Qe2 Bg4
9. Be3 Qa5 10. O-O O-O 11. h3 Bxf3 12. Qxf3 Nc6 13. Ne2 Nd7 14. c3 e6 15. Bc2 Qc7
16. Rad1 Nb6 17. b3 d5 18. Bf2 Rac8 19. exd5 Nxd5 20. c4 Nde7 21. Kh1 Rfd8 22. Bb1
Rd7 23. Rxd7 Qxd7 24. Nc3 Rd8 25. Rd1  1/2-1/2

[Event "Polofinale MCR junioru 2024"]
[Site "Hotel Fit Fun, Ryžovište 427, 512 46 Harrachov v Krkonoších"]
[Date "2024.11.11"]
[Round "3"]
[Board "27"]
[White "Martínek, Ondrej"]
[Black "Veny, Jaume"]
[Result "1-0"]
[WhiteElo "1711"]
[BlackElo "1961"]
[PlyCount "0"]
[EventDate "2024.11.09"]
[EventRounds "9"]
[EventCountry "CZE"]

1. e4 c5 2. Nf3 e6 3. d4 cxd4 4. Nxd4 a6 5. Nc3 Qc7 6. Be2 Nf6 7. O-O Be7 8. Bg5
d6 9. f4 Nbd7 10. Kh1 b5 11. a3 Bb7 12. Bf3 Rc8 13. Qe1 Nb6 14. e5 Nfd5 15. Bxe7
Qxe7 16. exd6 Qxd6 17. Nf5 Qf8 18. Nxd5 Bxd5 19. Bxd5 Nxd5 20. Qe5 Kd7 21. Rad1 Rxc2
22. Rxd5+ exd5 23. Qxd5+ Kc7 24. Rd1 Rc6 25. Qd7+ Kb6 26. Ne7 Rc2 27. b4  1-0

[Event "Polofinale MCR junioru 2024"]
[Site "Hotel Fit Fun, Ryžovište 427, 512 46 Harrachov v Krkonoších"]
[Date "2024.11.11"]
[Round "3"]
[Board "28"]
[White "Pešek, Martin Jakub"]
[Black "Stejskal, Michal"]
[Result "1/2-1/2"]
[WhiteElo "1627"]
[BlackElo "1957"]
[PlyCount "0"]
[EventDate "2024.11.09"]
[EventRounds "9"]
[EventCountry "CZE"]

1. e4 c5 2. Nf3 Nc6 3. Bb5 g6 4. Bxc6 dxc6 5. O-O Bg7 6. c3 e5 7. d3 Bg4 8. h3 Bxf3
9. Qxf3 Ne7 10. Bg5 O-O 11. Bf6 Qd6 12. Bxg7 Kxg7 13. Nd2 Rad8 14. Nc4 Qc7 15. Rad1
b5 16. Ne3 f6 17. Rfe1 Rd6 18. Ng4 h5 19. Nh2 Rfd8 20. Qe3 Qb6 21. f4 c4 22. fxe5
fxe5 23. Nf3 Rxd3 24. Rxd3 Rxd3 25. Qxb6 axb6 26. Nxe5 Rd2 27. Rf1 Kh6 28. Rf7 Nc8
29. Rc7 Nd6 30. Rxc6 Nxe4 31. Rxg6+ Kh7 32. Rxb6 h4 33. Nf3 Rxb2 34. a4 Nxc3 35.
axb5 Ne2+ 36. Kf1 c3 37. Ne1 Ng3+ 38. Kg1 c2 39. Nxc2 Rxc2 40. Rb7+ Kg6 41. Rb8 Ne4
42. Kf1 Rf2+ 43. Kg1 Rb2 44. Kf1 Kf5 45. b6 Nf6 46. b7 Nd7 47. Rh8 Rxb7 48. Rxh4
Rb2 49. Ra4 Rc2 50. h4 Nf6 51. Ra5+ Kf4 52. Ra4+ Kg3 53. h5 Nxh5 54. Ra3+ Kg4 55.
Ra4+ Kg5 56. Ra5+ Kg6 57. Re5 Nf6 58. Re2 Rc3 59. g3 Ng4 60. Kg2 Ne3+ 61. Kf3 Nf5+
62. Kf4 Rc4+ 63. Re4  1/2-1/2

[Event "Polofinale MCR junioru 2024"]
[Site "Hotel Fit Fun, Ryžovište 427, 512 46 Harrachov v Krkonoších"]
[Date "2024.11.11"]
[Round "3"]
[Board "29"]
[White "Steinbauer, Sebastián"]
[Black "Jandecka, Miroslav"]
[Result "1-0"]
[WhiteElo "1951"]
[BlackElo "1603"]
[PlyCount "0"]
[EventDate "2024.11.09"]
[EventRounds "9"]
[EventCountry "CZE"]

1. e4 c6 2. d4 d5 3. e5 c5 4. dxc5 Nc6 5. Nf3 Bg4 6. Bb5 e6 7. Be3 a6 8. Bxc6+ bxc6
9. O-O Qa5 10. a3 Bxc5 11. b4 Bxb4 12. Qd4 Bxf3 13. axb4 Qb5 14. gxf3 Qe2 15. Nd2
Qb5 16. Ra5 Qb7 17. Rfa1 Ne7 18. Qb6 Qc8 19. Rxa6 Rxa6 20. Rxa6 O-O 21. Bc5 Re8 22.
Bxe7 Rxe7 23. Qxc6 Rc7  1-0

[Event "Polofinale MCR junioru 2024"]
[Site "Hotel Fit Fun, Ryžovište 427, 512 46 Harrachov v Krkonoších"]
[Date "2024.11.11"]
[Round "3"]
[Board "30"]
[White "Jusko, Jindrich"]
[Black "Skýpala, Ondrej"]
[Result "0-1"]
[WhiteElo "1846"]
[BlackElo "2232"]
[PlyCount "0"]
[EventDate "2024.11.09"]
[EventRounds "9"]
[EventCountry "CZE"]

1. f4 Nf6 2. Nf3 c5 3. g3 g6 4. Bg2 Bg7 5. O-O O-O 6. d4 cxd4 7. Nxd4 Nc6 8. Nxc6
bxc6 9. h3 Qb6+ 10. Kh2 Ba6 11. Nd2 Nd5 12. Ne4 d6 13. c3 Ne3 14. Bxe3 Qxe3 15. Qd2
Qxe2 16. Qxe2 Bxe2 17. Rfe1 Bb5 18. a4 Bc4 19. Nd2 Be6 20. Bxc6 Rab8 21. Reb1 Rb6
22. Bb5 Rfb8 23. Ne4 a6 24. Bd3 Rxb2+ 25. Rxb2 Rxb2+ 26. Kg1 a5 27. Ng5 Bd5  0-1

[Event "Polofinale MCR junioru 2024"]
[Site "Hotel Fit Fun, Ryžovište 427, 512 46 Harrachov v Krkonoších"]
[Date "2024.11.11"]
[Round "3"]
[Board "31"]
[White "Svoboda, Daniel"]
[Black "Šimunek, Jakub Šimon"]
[Result "1/2-1/2"]
[WhiteElo "1865"]
[BlackElo "2125"]
[PlyCount "0"]
[EventDate "2024.11.09"]
[EventRounds "9"]
[EventCountry "CZE"]

1. e4 c5 2. c4 Nc6 3. Nf3 d6 4. d4 cxd4 5. Nxd4 Nf6 6. Nc3 g6 7. f3 Bg7 8. Be3 O-O
9. Qd2 Bd7 10. Be2 a6 11. Nd5 Nxd5 12. cxd5 Nxd4 13. Bxd4 Bxd4 14. Qxd4 Qa5+ 15.
Kf2 Rfc8 16. Rhc1 Bb5 17. a4 Bxe2 18. Kxe2 Qd8 19. Rc3 Rxc3 20. bxc3 Qa5 21. Qb4
Qxb4 22. cxb4 Rc8 23. Kd3 b6 24. b5 a5 25. f4 e6 26. dxe6 fxe6 27. Rf1 Kf7 28. g4
Ke7 29. h4 Rc5 30. f5 gxf5 31. gxf5 exf5 32. Rxf5 Ke6 33. Rf1 Rh5 34. Rf4 Rc5 35.
Rf1 Rh5 36. Rf4 h6 37. Rg4 Ke5 38. Ke3 d5 39. exd5 Kxd5 40. Kf3 Kc5 41. Ke3 Kd5  1/2-1/2

[Event "Polofinale MCR junioru 2024"]
[Site "Hotel Fit Fun, Ryžovište 427, 512 46 Harrachov v Krkonoších"]
[Date "2024.11.11"]
[Round "3"]
[Board "32"]
[White "Lihotský, Lukáš"]
[Black "Sadil, Antonín"]
[Result "1/2-1/2"]
[WhiteElo "2076"]
[BlackElo "1873"]
[PlyCount "0"]
[EventDate "2024.11.09"]
[EventRounds "9"]
[EventCountry "CZE"]

1. d4 Nf6 2. c4 g6 3. Nc3 d5 4. cxd5 Nxd5 5. e4 Nxc3 6. bxc3 Bg7 7. Bc4 c5 8. Ne2
Nc6 9. Be3 O-O 10. O-O Bg4 11. f3 Na5 12. Bxf7+ Rxf7 13. fxg4 Rxf1+ 14. Kxf1 cxd4
15. cxd4 Rc8 16. Kg1 Kh8 17. Nf4 Nc4 18. Bf2 Nb2 19. Qd2 Nc4 20. Qd3 Nb2 21. Qd2
Nc4 22. Qd3 Nb2  1/2-1/2

[Event "Polofinale MCR junioru 2024"]
[Site "Hotel Fit Fun, Ryžovište 427, 512 46 Harrachov v Krkonoších"]
[Date "2024.11.11"]
[Round "3"]
[Board "33"]
[White "Mrázek, Adam"]
[Black "Osina, Jaromír"]
[Result "1/2-1/2"]
[WhiteElo "1842"]
[BlackElo "2004"]
[PlyCount "0"]
[EventDate "2024.11.09"]
[EventRounds "9"]
[EventCountry "CZE"]

1. c4 c6 2. g3 d5 3. Nf3 Nf6 4. Bg2 h6 5. O-O Bf5 6. Qb3 Qb6 7. d3 e6 8. Be3 dxc4
9. Qxc4 Qb4 10. Qc2 Nbd7 11. a3 Qa5 12. Nd4 Bg6 13. b4 Qd8 14. b5 c5 15. Nb3 Qc7
16. Bf4 e5 17. Bd2 Rd8 18. Na5 b6 19. Nc6 Rc8 20. Qa4 Bd6 21. Nxa7 Rb8 22. Nc6 Rc8
23. Na7 Rb8 24. Nc6 Rc8 25. Bc3 O-O 26. Nd2 Rfe8 27. Qc2 Nb8 28. Nxb8 Qxb8 29. Nc4
Rcd8 30. Bc6 Re7 31. Qb2 Bc7 32. a4 Nd5 33. e4 Nxc3 34. Qxc3 Bh5 35. f3 Rd4 36. Ne3
Re6 37. Bd5 Qd8 38. Ra3 Rd6 39. Kg2 Bg6 40. Rd1 Qg5 41. Nc2 R4xd5 42. exd5 Rxd5 43.
Qc4 Qd8 44. Ne3 Rd4 45. Qc2 h5 46. Rc3 Qd7 47. Qb3 h4 48. g4 Kf8 49. a5 f5 50. Nxf5
Bxf5 51. gxf5 Qxf5 52. Rc4 e4 53. Rxd4 Qxf3+ 54. Kg1 Bxh2+ 55. Kxh2 Qg3+ 56. Kh1
Qh3+ 57. Kg1 Qg3+ 58. Kf1 Qf3+  1/2-1/2

[Event "Polofinale MCR junioru 2024"]
[Site "Hotel Fit Fun, Ryžovište 427, 512 46 Harrachov v Krkonoších"]
[Date "2024.11.11"]
[Round "3"]
[Board "34"]
[White "Tegda, Vojtech"]
[Black "Vlcek, Vojtech"]
[Result "0-1"]
[WhiteElo "1953"]
[BlackElo "1845"]
[PlyCount "0"]
[EventDate "2024.11.09"]
[EventRounds "9"]
[EventCountry "CZE"]

1. e4 c6 2. Nc3 d5 3. Nf3 dxe4 4. Nxe4 Nf6 5. Qe2 Nxe4 6. Qxe4 Nd7 7. Bc4 Nf6 8.
Ne5 e6 9. Qe2 b5 10. Nxc6 Qc7 11. Bd3 Bb7 12. Ne5 a6 13. Nf3 Bd6 14. b3 O-O 15. Bb2
e5 16. Bf5 g6 17. Bh3 Qxc2 18. Bc3 b4 19. Bxe5 Bxf3  0-1

[Event "Polofinale MCR junioru 2024"]
[Site "Hotel Fit Fun, Ryžovište 427, 512 46 Harrachov v Krkonoších"]
[Date "2024.11.11"]
[Round "3"]
[Board "35"]
[White "Pavliš, Matej"]
[Black "Gloser, Tomáš"]
[Result "1-0"]
[WhiteElo "2091"]
[BlackElo "1777"]
[PlyCount "0"]
[EventDate "2024.11.09"]
[EventRounds "9"]
[EventCountry "CZE"]

1. d4 Nf6 2. Nf3 d5 3. c4 e6 4. g3 Bb4+ 5. Bd2 Be7 6. Bg2 O-O 7. O-O c6 8. Bf4 Nbd7
9. Nc3 dxc4 10. a4 Nd5 11. Bd2 Nxc3 12. bxc3 b5 13. axb5 Bb7 14. Ng5 Qb6 15. Nxh7
Kxh7 16. Qb1+ Kg8 17. bxc6 Bxc6 18. Qxb6 Nxb6 19. Bxc6 Rac8 20. Bf3 Rfd8 21. Rxa7
Bf6 22. Rb1 Nd5 23. e4 Nxc3 24. Bxc3 Bxd4 25. Bxd4 Rxd4 26. Ra4 Rd7 27. Rc1 c3 28.
Rc2 Kh7 29. Ra3 Rdc7 30. e5 Kg6 31. Be4+ Kg5 32. Kg2 f6 33. f4+ Kg4 34. Bg6 Rh8 35.
Raxc3 Rxc3 36. Rxc3 fxe5 37. fxe5 Ra8 38. h3+ Kg5 39. Bc2 Ra5 40. h4+ Kh6 41. Re3
Ra2 42. Re2 Kh5 43. Bg6+  1-0

[Event "Polofinale MCR junioru 2024"]
[Site "Hotel Fit Fun, Ryžovište 427, 512 46 Harrachov v Krkonoších"]
[Date "2024.11.11"]
[Round "3"]
[Board "36"]
[White "Honcharov, Makar"]
[Black "Meca, Viktor"]
[Result "1-0"]
[WhiteElo "1929"]
[BlackElo "1796"]
[PlyCount "0"]
[EventDate "2024.11.09"]
[EventRounds "9"]
[EventCountry "CZE"]

1. e4 c5 2. Nf3 Nc6 3. Nc3 d6 4. d4 cxd4 5. Nxd4 g6 6. Be3 Nf6 7. Be2 Bg7 8. Qd2
O-O 9. O-O-O Ng4 10. Bxg4 Bxg4 11. f3 Bd7 12. Nxc6 bxc6 13. Bh6 Qa5 14. Bxg7 Kxg7
15. h4 h5 16. Qd4+ Kh7 17. g4 Be6 18. Rdg1 Rg8 19. Qe3 Rab8 20. gxh5 Qb6 21. hxg6+
Rxg6 22. Nd1 Rbg8 23. Rg5 f6 24. Qc3 R8g7 25. Rxg6 Rxg6 26. Qd3 Kh6 27. Ne3 Rg3 28.
Qd2 Kh5 29. Qf2 Rg8 30. Rd1 Qc5 31. f4 Bg4 32. Rg1 Qb4 33. Nf5 Qc5 34. Qxc5 dxc5
35. Nxe7 Re8 36. Nf5 Bxf5 37. exf5 Kxh4 38. Rg6 Re4 39. Rxf6 Rxf4 40. Kd2 Kg5 41.
Rf7 Rd4+ 42. Kc3 Kf4 43. Rxa7 Kxf5 44. Rc7 Ke5 45. Rxc6 Kd5 46. Rh6 Rg4 47. Rh5+
Kc6 48. b3 Rg3+ 49. Kb2 Kb5 50. Rh6 Rg5 51. a4+ Ka5 52. Ka3 Rg2 53. Kb2 Rg5 54. Rc6
 1-0